Význam a miesto energetickej politiky v slovenskej ekonomike diplomová práca

Guardado en:
Detalles Bibliográficos
Autor principal: Tholt, Peter
Autor Corporativo: Národohospodárska fakulta EU. Katedra hospodárskej politiky
Otros Autores: Lukáčik, Ján
Formato: Libro
Lenguaje:eslovaco
Publicado: Bratislava 2009
Etiquetas: Agregar Etiqueta
Sin Etiquetas, Sea el primero en etiquetar este registro!

MARC

LEADER 00000nam$a2200000$$$4500
001 0095832
005 20240319123925.1
041 0 |a slo 
044 |a SK 
245 1 0 |a Význam a miesto energetickej politiky v slovenskej ekonomike  |b diplomová práca  |c Peter Tholt ; škol. Ján Lukáčik 
264 1 |a Bratislava  |c 2009 
300 |a 67 s. 
100 1 |a Tholt, Peter 
700 1 |a Lukáčik, Ján 
710 2 |a Národohospodárska fakulta EU. Katedra hospodárskej politiky